000 00235 a2200085 4500
020 _a 9781864704921
100 _a Avi Friedman
245 _aInspired Homes: Architecture for Changing Times
260 _bImages Publishing Group Pty Ltd
_c2013
999 _c13575
_d13575